| 000 | 00499nam a2200157Ia 4500 | ||
|---|---|---|---|
| 003 | GCL | ||
| 008 | 140319s9999 xx 000 0 eng d | ||
| 040 |
_aGCL / _cGCL |
||
| 082 | 0 | 4 |
_aCC _b054.962034 _bS H |
| 100 | 1 | _aSAMMARCO, ANGELS | |
| 245 | 1 | 0 |
_aHISTOIRE DE L'EGYPTE MODERNE LE REGNE DU KHEDIVE ISMASIL DE 1863 A 1875 / _cSAMMARCO, ANGELS |
| 260 |
_a[S.N] : _bLA SOCIETE DE GEOGRAPHIE D'EGYPTE ، _c1937 |
||
| 650 | 0 | 4 | _aLA SOCIETE DE GEOGRAPHIC D'EGY |
| 650 | 0 | 4 | _aPERIODICALS |
| 942 |
_2ddc _cBK |
||
| 999 |
_c17195 _d17195 |
||